|
|
|
|
| LEADER |
00925aam a22002658a 4500 |
| 001 |
00030101 |
| 005 |
20171026081022.0 |
| 008 |
121212s2012 ||||||viesd |
| 020 |
# |
# |
|a 9786047001224
|
| 041 |
0 |
# |
|a vie
|
| 082 |
|
|
|b G453C
|a 391.009 597
|
| 100 |
1 |
# |
|a Đinh, Bá Hòa
|
| 245 |
1 |
0 |
|a Gốm cổ và hoa văn trên trang phục của người Chăm
|c Đinh Bá Hòa, Trương Hiến Mai
|
| 260 |
# |
# |
|a Hà Nội.
|b Văn hóa dân tộc
|c 2012
|
| 300 |
# |
# |
|a 423 tr.
|c 21 cm.
|b minh họa
|
| 500 |
# |
# |
|a ĐTTS ghi: Hội Văn nghệ dân gian Việt Nam
|
| 653 |
# |
# |
|a Người Chăm
|
| 653 |
# |
# |
|a Trang phục
|
| 653 |
# |
# |
|a Văn hóa
|
| 653 |
# |
# |
|a Đồ gốm
|
| 700 |
1 |
# |
|a Trương, Hiền Mai
|
| 852 |
# |
# |
|b Kho đọc
|j KD.0014248
|
| 852 |
# |
# |
|j KD.0014248
|
| 910 |
|
|
|d 12/12/2012
|
| 980 |
# |
# |
|a Trung tâm Học liệu Lê Vũ Hùng, Trường Đại học Đồng Tháp
|